000 00559nam a2200205Ia 4500
005 20250923144358.0
008 008 250917s9999 xx 000 0 eng d
037 _aTextual
040 _aDSWL
_beng
_cDSWL
041 _aeng
_2eng
084 _azG, N51
_qDSWL
100 _aFreud, Anna
_9824298
245 0 _aEgo and the mechanism of defence
_cby Anna Freud
260 _aLondon
_bHogarth Press
_c1947
300 _a196 p.
365 _aINR
_b10. 6
925 _g10. 6
942 _cTEXL
_hzG, N51
999 _c1438115
_d1438115